Normal view
MARC view
- Roberson J.A.; Cassidy J.J. & Chaydhry H
Entry Personal Name
001 - CONTROL NUMBER
- control field: 190829
003 - CONTROL NUMBER IDENTIFIER
- control field: OSt
005 - DATE AND TIME OF LATEST TRANSACTION
- control field: 20230714213257.0
008 - FIXED-LENGTH DATA ELEMENTS
- fixed length control field: 230714|| aca||aabn | a|a d
040 ## - CATALOGING SOURCE
- Original cataloging agency: OSt
- Transcribing agency: OSt
100 ## - HEADING--PERSONAL NAME
- Personal name: Roberson J.A.; Cassidy J.J. & Chaydhry H
670 ## - SOURCE DATA FOUND
- Source citation: Work cat.: (OSt)198601: Roberson J.A., Hydraulic Engineeering, 1998